|
|
|
|
| LEADER |
00000cam a2200000 7i4500 |
| 001 |
0000069401 |
| 005 |
20220105103903.0 |
| 008 |
170118 |
| 020 |
|
|
|a 9789675450945(SET)
|
| 020 |
|
|
|a 9789675450952
|
| 090 |
0 |
0 |
|a JP
|b MOR MAL
|
| 100 |
0 |
|
|a Ahmad Zaid Ismail
|
| 245 |
1 |
0 |
|a Padah menzalami binatang
|c Ahmad Zaid Ismail
|
| 260 |
|
|
|a Kelantan :
|b Pustaka sukses ,
|c 2016
|
| 300 |
|
|
|a 24pg. :
|b 26 cm
|
| 490 |
0 |
|
|a Siri pengajaran positif
|
| 500 |
|
|
|a Children age 4-6 years old (yellow)
|
| 650 |
|
0 |
|a Children stories
|x Malay
|
| 650 |
|
0 |
|a Moral
|
| 999 |
|
|
|a 0001427689
|b Book
|c Children Collection
|e Cawangan Pontian
|
| 999 |
|
|
|a 0001427690
|b Book
|c Children Collection
|e Cawangan Segamat
|
| 999 |
|
|
|a 0001427691
|b Book
|c Children Collection
|e Cawangan Bandar Tenggara
|
| 999 |
|
|
|a 0001427692
|b Book
|c Adult Collection
|e Cawangan Kota Tinggi
|
| 999 |
|
|
|a 0001427693
|b Book
|c Children Collection
|e Cawangan Tmn. Ungku Tun Aminah
|
| 999 |
|
|
|a 0001427695
|b Book
|c Children Collection
|e Cawangan Taman Universiti
|
| 999 |
|
|
|a 0001427696
|b Book
|c Children Collection
|e Cawangan Taman Sri Lambak
|
| 999 |
|
|
|a 0001427697
|b Book
|c Children Collection
|e Cawangan Bukit Gambir
|
| 999 |
|
|
|a 0001427698
|b Book
|c Children Collection
|e Cawangan Bandar Penawar
|
| 999 |
|
|
|a 0001427699
|b Book
|c Children Collection
|e Cawangan Tangkak
|
| 999 |
|
|
|a 0001427700
|b Book
|c Children Collection
|e Cawangan Batu Pahat
|
| 999 |
|
|
|a 0001427701
|b Book
|c Children Collection
|e Cawangan Muar
|
| 999 |
|
|
|a 0001427702
|b Book
|c Children Collection
|e Cawangan Sri Merlong
|
| 999 |
|
|
|a 0009789675
|b Book
|c Children Collection
|e Cawangan Muar
|